| 000 | 00943nam a22001937a 4500 | ||
|---|---|---|---|
| 008 | 170706b xxu||||| |||| 00| 0 eng d | ||
| 082 |
_22007 _aAV-CD 363.232 _bEv93 |
||
| 100 |
_921065 _aEverest, Mark _dWriter and Director |
||
| 245 |
_aTechno cops [videorecording] / _cDirected and Written by Mark Everest. |
||
| 260 |
_aMaryland: _bDiscovery Communications, Inc. _cc2007. |
||
| 300 |
_a1 videodisc: _bsd., col. ; _c4 3/4 in. |
||
| 306 | _a50 min. : | ||
| 440 |
_921067 _aDiscovery Channel |
||
| 520 | _aIn the last 20 years, in virtually every country in the world, law enforcement has changed dramatically. The role of technology has increased to such am extent that today's police enforcement looks more James Bond. These "techno cops" utilize radical new technology to solve crime and catch criminals. | ||
| 650 | 0 |
_921068 _aPolice _xEquipment and supplies |
|
| 650 | 0 |
_921069 _aTechnology |
|
| 365 |
_b750.00 _cPhp |
||
| 942 |
_2ddc _cAV-CD |
||
| 999 |
_c6957 _d6957 |
||